European football leagues with most teams - Statistics

General Stats
  • This quiz has been taken 62 times
  • The average score is 17 of 21
Answer Stats
# Country % Correct
20 England
100%
18 France
100%
18 Germany
97%
20 Italy
97%
20 Spain
97%
18 Portugal
90%
18 Poland
88%
16 Russia
88%
16 Sweden
88%
19 Türkiye
88%
18 Netherlands
87%
16 Norway
87%
16 Belgium
83%
16 Ukraine
82%
16 Serbia
77%
16 Romania
75%
16 Bulgaria
73%
16 Czechia
68%
16 Belarus
65%
16 Luxembourg
30%
16 San Marino
27%
No matching quizzes found
Score Distribution
Percent of People with Each Score
Percentile by Number Answered
Your Score History
You have not taken this quiz